000 00472nam a22001817a 4500
003 OSt
005 20180116183105.0
008 170727b xxu||||| |||| 00| 0 eng d
020 _a9780749469764
040 _c0
082 _a658.3 AYL 2014
100 _aElizabeth Aylott
245 _aEmployee Relations
_bHR Fundamentals
_cElizabeth Aylott
260 _aNew Delhi
_bKoghan Page
_c2014
300 _a204p.
_bpb.
440 _aEmployee Relations
942 _2ddc
_cBK
999 _c352004
_d352004